Datum a čas kvízu
19.5
Celkem bodů
Celkový počet nahraných bodů na tomto kvízu bez doplňovacích otázek.
5.
Pořadí na kvízu
Konečné umístění týmu na tomto kvízu.
Zaznamenané odpovědi
| # | Otázka | Odpověď | Body | Výsledky |
|---|---|---|---|---|
| 1. | Veterináři po 20 letech zjisti... | 0 | ||
| 2. | Jednotvárný zvuk od silnice ob... | 1 | ||
| 3. | Česká televize v loňském roce... | 0 | ||
| 4. | Evropská unie vydala ve středu... | 1 | ||
| 5. | Minulý týden se začala prodáva... | 1 | ||
| 6. | Vzpomeňme v tomto tématu na zř... | 1 | ||
| 7. | Vyberte pravdivé tvrzení o For... | 0 | ||
| 8. | Jedno z jeho prvních děl bylo... | 0 | ||
| 9. | Jakou větu pronesl v Přeletu n... | 0 | ||
| 10. | V roce 1979 natočil Miloš Form... | 0 |